Územnosprávne členenie po roku 1949 Kapitoly z dejín verejnej správy na Slovensku

Vznik krajských národných výborov a definícia podľa zákona č. 280/1948 Zb. Úprava kompetencií národných výborov podľa zákona č. 65/1960 Zb. Spoločenské zmeny v roku 1989 a nový pohľad na verejnú správu. Miestna samospráva. Štruktúra štátnej správy.

Na minha lista:
Detalhes bibliográficos
Autor principal: Skyba, Radovan
Formato: Capítulo de Livro
Idioma:eslovaco
Assuntos:
Tags: Adicionar Tag
Sem tags, seja o primeiro a adicionar uma tag!

MARC

LEADER 00000naa a2200000 4500
001 r037281
005 20230927090851.4
041 0 |a slo 
044 |a SK 
245 1 0 |a Územnosprávne členenie po roku 1949  |b Kapitoly z dejín verejnej správy na Slovensku  |c Radovan Skyba 
520 |a Vznik krajských národných výborov a definícia podľa zákona č. 280/1948 Zb. Úprava kompetencií národných výborov podľa zákona č. 65/1960 Zb. Spoločenské zmeny v roku 1989 a nový pohľad na verejnú správu. Miestna samospráva. Štruktúra štátnej správy. 
610 2 0 |a správa verejná 
610 2 0 |a správa štátna 
610 2 0 |a samospráva 
610 2 0 |a kraje 
610 2 0 |a regióny 
610 2 0 |a história 
610 2 0 |a orgány zastupiteľské 
610 2 0 |a Slovensko 
100 1 |a Skyba, Radovan